Trombinoscope - Plats - Statistiques

Statistiques générales
  • Ce quiz a été pris 214 fois
  • Le résultat moyen est 58 sur 100
Statistiques - réponses
Hint Réponse % Correct
Epinards à la crème
78%
Petit-pois carottes
78%
Huîtres
78%
Galette bretonne
77%
Œuf à la coque
77%
Tomates farcies
77%
Œuf sur le plat
77%
Hot-dog
76%
Raclette
75%
Avocado toast
74%
Pâté en croute
74%
Burger
74%
Bagel au saumon
74%
Œuf mimosa
74%
Pâtes carbonara
74%
Nems
72%
Endives au jambon
72%
Fish and chips
72%
Gaufre
72%
Couscous
71%
Tomate mozzarella
71%
Steak tartare
71%
Escargots
71%
Barbecue
71%
Quiche lorraine
70%
Taboulé
70%
Choux de Bruxelles
70%
Omelette
69%
Hachis parmentier
69%
Spaghetti bolognaise
69%
Gnocchi
69%
Lasagne
68%
Fondue savoyarde
68%
Dinde
68%
Salade césar
67%
Ratatouille
67%
Flammekueche
67%
Moules frites
67%
Kebab
67%
Gazpacho
66%
Sushi
66%
Club sandwich
66%
Wraps
66%
Choucroute
64%
Chili con carne
64%
Ration de survie
64%
Œuf de 100 ans
63%
Cassoulet
63%
Soufflé au fromage
63%
Coquillettes au jambon
62%
Onigiri
61%
Raviolis
61%
Quenelle
61%
Paëlla
61%
Poisson pané
61%
Panini
61%
Risotto
60%
Tacos
60%
Coquille Saint-Jacques
59%
Mac and cheese
59%
Carpaccio
57%
Boudin aux pommes
57%
Poutine
57%
Gratin dauphinois
57%
Samoussa
56%
Bruschetta
55%
Pizza
55%
Nouilles chinoises
55%
Ramen
53%
Pot au feu
51%
Tartiflette
51%
Nachos
51%
Croque-monsieur
51%
Salade niçoise
49%
Blanquette de veau
49%
Empanadas
49%
Poke bowl
49%
Bœuf bourguignon
47%
Magret de canard
47%
Cordon bleu
46%
Potage de légume
45%
Moussaka
45%
Poulet tikka
45%
Langue de bœuf
43%
Pain perdu
39%
Poulet basquaise
39%
Pissaladière
39%
Bouillabaisse
36%
Osso buco
33%
Steak haché
30%
Chirashi
30%
Tripes
29%
Fajitas
29%
Filet mignon
25%
Rillauds
24%
Hareng pomme de terre
23%
Artichauts grillés
22%
Palak paneer
16%
Saltimbocca
11%
Goulasch
8%
Aucun quiz correspondant
Distribution des résultats
% des personnes avec chaque résultat
Percentile par nombre de réponses
Votre historique - résultats
Vous n’avez pas pris ce quiz